[Event "Chessable Masters Div 1 W"]
[Site "chess.com INT"]
[Date "2023.04.03"]
[Round "1.1"]
[White "Carlsen, Magnus"]
[Black "Artemiev, Vladislav"]
[Result "0-1"]
[WhiteTitle "GM"]
[BlackTitle "GM"]
[WhiteElo "2853"]
[BlackElo "2701"]
[WhiteFideId "1503014"]
[BlackFideId "24101605"]
[EventDate "2023.04.03"]
[EventType "k.o."]

1. d4 d5 2. c4 c6 3. Nf3 Nf6 4. Nc3 dxc4 5. a4 e6 6. e3 c5 7. Bxc4 cxd4 8. Nxd4
Bc5 9. O-O O-O 10. Qe2 Nbd7 11. Rd1 Qe7 12. Nf3 b6 13. e4 Bb7 14. e5 Ng4 15. Bg5
f6 16. exf6 Ndxf6 17. Qxe6+ Qxe6 18. Bxe6+ Kh8 19. Rd2 Bxf3 20. gxf3 Ne5 21. Kg2
Rae8 22. Bf5 Nh5 23. Bg4 Nf6 24. Bh3 Nxf3 25. Kxf3 Ne4+ 26. Kg4 Nxd2 27. Bxd2
Rxf2 28. Rd1 h5+ 29. Kxh5 Rd8 30. Be1 Rxd1 31. Bxf2 Rd2 32. Bxc5 bxc5 33. Be6
Rxh2+ 34. Kg6 Rxb2 35. Ne4 c4 36. Bxc4 Rb4 37. Nd6 Rb6 0-1

[Event "Chessable Masters Div 1 W"]
[Site "chess.com INT"]
[Date "2023.04.03"]
[Round "1.2"]
[White "Artemiev, Vladislav"]
[Black "Carlsen, Magnus"]
[Result "0-1"]
[WhiteTitle "GM"]
[BlackTitle "GM"]
[WhiteElo "2701"]
[BlackElo "2853"]
[WhiteFideId "24101605"]
[BlackFideId "1503014"]
[EventDate "2023.04.03"]
[EventType "k.o."]

1. Nf3 Nf6 2. c4 g6 3. b3 Bg7 4. Bb2 O-O 5. g3 b6 6. Bg2 Bb7 7. O-O e6 8. Nc3
Na6 9. d4 d5 10. cxd5 exd5 11. Rc1 Qe7 12. e3 Rfd8 13. a3 c5 14. dxc5 bxc5 15.
Ne2 Rac8 16. Nf4 Nc7 17. Qc2 Ne6 18. Nxe6 Qxe6 19. Rfe1 a5 20. Bc3 Qa6 21. Qe2
Qxe2 22. Rxe2 a4 23. Bxf6 Bxf6 24. bxa4 d4 25. exd4 cxd4 26. Rd1 Bc6 27. Ne1
Bxa4 28. Rdd2 Bb5 29. Re4 Rc1 30. Bf1 d3 31. Re3 Bd4 0-1

[Event "Chessable Masters Div 1 W"]
[Site "chess.com INT"]
[Date "2023.04.03"]
[Round "1.3"]
[White "Carlsen, Magnus"]
[Black "Artemiev, Vladislav"]
[Result "0-1"]
[WhiteTitle "GM"]
[BlackTitle "GM"]
[WhiteElo "2853"]
[BlackElo "2701"]
[WhiteFideId "1503014"]
[BlackFideId "24101605"]
[EventDate "2023.04.03"]
[EventType "k.o."]

1. Nf3 Nf6 2. g3 g6 3. Bg2 Bg7 4. O-O O-O 5. c4 c6 6. b3 Ne4 7. d4 d5 8. Bb2 a5
9. Nc3 Nxc3 10. Bxc3 Nd7 11. cxd5 cxd5 12. Rc1 Nf6 13. Ne5 Ne4 14. Bb2 Bf5 15.
e3 Re8 16. a4 Qb6 17. Ba3 Rac8 18. Bxe4 Rxc1 19. Qxc1 Bxe4 20. f3 Bf5 21. g4 Rc8
22. Bc5 Qc7 23. gxf5 Bxe5 24. dxe5 Qxc5 25. Qxc5 Rxc5 26. f6 exf6 27. exf6 Rc6
28. Rd1 Rxf6 29. Rxd5 Rxf3 30. Rxa5 Rxe3 31. Rb5 Re7 32. Rb6 Kg7 33. a5 f5 34.
b4 Kh6 35. Kf2 Kh5 36. b5 g5 37. a6 bxa6 38. bxa6 Re5 39. a7 Ra5 40. Rb7 h6 41.
Rh7 Kg6 42. Rb7 Ra3 43. Rc7 f4 44. Rb7 Kh5 45. Rh7 Kg6 46. Rb7 Kf5 47. Rh7 Ra2+
48. Kf1 Kg6 49. Rb7 Kh5 50. Rh7 g4 51. Rf7 Kg5 52. Kg1 h5 53. Rg7+ Kh4 54. Rf7
Ra1+ 55. Kf2 Kh3 0-1

[Event "Chessable Masters Div 1 W"]
[Site "chess.com INT"]
[Date "2023.04.03"]
[Round "1.4"]
[White "Artemiev, Vladislav"]
[Black "Carlsen, Magnus"]
[Result "0-1"]
[WhiteTitle "GM"]
[BlackTitle "GM"]
[WhiteElo "2701"]
[BlackElo "2853"]
[WhiteFideId "24101605"]
[BlackFideId "1503014"]
[EventDate "2023.04.03"]
[EventType "k.o."]

1. Nf3 Nf6 2. g3 g6 3. Bg2 Bg7 4. d4 O-O 5. O-O d6 6. Nc3 Nbd7 7. a4 c6 8. a5
Qc7 9. Qd3 Re8 10. Rd1 Rb8 11. e4 b5 12. axb6 axb6 13. e5 dxe5 14. Nxe5 Nxe5 15.
dxe5 Ng4 16. f4 Be6 17. Qf3 Rec8 18. h3 Nh6 19. g4 Kh8 20. Be3 f6 21. exf6 exf6
22. f5 gxf5 23. Bf4 fxg4 24. Qg3 Qb7 25. Bxb8 Qxb8 26. Qxb8 Rxb8 27. Bxc6 gxh3
28. Rd6 Bg4 29. Ra8 Rxa8 30. Bxa8 Bf8 31. Rxf6 Kg7 32. Rxf8 Kxf8 33. Be4 Kg7 34.
Nd5 b5 35. b3 Be6 36. Nf4 Bc8 37. c4 b4 38. Nd3 Kf6 39. Kh2 Ng4+ 40. Kg3 Kg5 41.
Bxh7 h2 42. Be4 Bf5 0-1

[Event "Chessable Masters Div 1 W"]
[Site "chess.com INT"]
[Date "2023.04.03"]
[Round "1.5"]
[White "Artemiev, Vladislav"]
[Black "Carlsen, Magnus"]
[Result "1-0"]
[WhiteTitle "GM"]
[BlackTitle "GM"]
[WhiteElo "2701"]
[BlackElo "2853"]
[WhiteFideId "24101605"]
[BlackFideId "1503014"]
[EventDate "2023.04.03"]
[EventType "k.o."]

1. e4 c5 2. g3 g6 3. Bg2 Bg7 4. Ne2 Nc6 5. O-O d6 6. d3 e5 7. Nbc3 Nge7 8. f4
O-O 9. Be3 Be6 10. Qd2 Nd4 11. Rf2 Qd7 12. Raf1 Bh3 13. Bxh3 Qxh3 14. fxe5 dxe5
15. Bg5 Rae8 16. Bxe7 Rxe7 17. Nd5 Rd7 18. c3 Ne6 19. Kh1 Nc7 20. c4 Qe6 21.
Nec3 f6 22. Qe2 Na6 23. a3 Nb8 24. Qe3 b6 25. b4 cxb4 26. axb4 Nc6 27. Ne2 Qd6
28. b5 Nd8 29. h4 Ne6 30. h5 Rdf7 31. Ng1 f5 32. h6 f4 33. gxf4 Bxh6 34. Qh3
Bxf4 35. Nf3 Kg7 36. Rg2 Nc5 37. Nh4 Qe6 38. Rg4 Nxd3 39. Rxg6+ Qxg6 40. Nxg6
hxg6 41. Qxd3 Rh8+ 42. Kg1 Rh5 43. Nxf4 exf4 44. Qd4+ Kh6 45. e5 f3 46. e6 Rg5+
47. Kh2 Rg2+ 48. Kh3 Rh7 49. Rxf3 Rg5 50. e7 Rxe7 51. Qh8+ Rh7 52. Qf8+ Kh5 53.
Rf4 Rf5 54. Rh4+ Kg5 55. Qd8+ Rf6 56. Rxh7 Kf5 57. Qd5+ Kf4 58. Rh4+ Ke3 59.
Re4+ Kf2 60. Qd2+ 1-0

[Event "Chessable Masters Div 1 W"]
[Site "chess.com INT"]
[Date "2023.04.03"]
[Round "1.1"]
[White "Caruana, Fabiano"]
[Black "Le, Quang Liem"]
[Result "1/2-1/2"]
[WhiteTitle "GM"]
[BlackTitle "GM"]
[WhiteElo "2764"]
[BlackElo "2728"]
[WhiteFideId "2020009"]
[BlackFideId "12401137"]
[EventDate "2023.04.03"]
[EventType "k.o."]

1. e4 e5 2. Nf3 Nc6 3. Bb5 Nf6 4. d3 Bc5 5. Bxc6 dxc6 6. Nbd2 Be6 7. O-O Bd6 8.
Nb3 a5 9. Qe1 a4 10. Na5 Qc8 11. Ng5 Bc5 12. Nxe6 Qxe6 13. Nxb7 Bb6 14. Be3 Nd7
15. b4 axb3 16. axb3 Rxa1 17. Qxa1 O-O 18. Qc3 Bxe3 19. fxe3 Qh6 20. Qd2 Ra8 21.
Na5 c5 22. Nc4 Qe6 23. Qc3 h6 24. Ra1 Rxa1+ 25. Qxa1 Qg4 26. Qf1 f6 27. h3 Qh4
28. Kh2 Nb6 29. Na5 Qg5 30. Qf3 h5 31. Nc6 Kf8 32. Qg3 Qxg3+ 33. Kxg3 Ke8 34.
Kh4 g6 35. g4 hxg4 36. Kxg4 Kd7 37. Na5 Nc8 38. h4 Nd6 39. Nc4 Nf7 40. h5 Nh6+
41. Kh4 g5+ 42. Kg3 Ke6 43. Nd2 Kf7 44. Nf3 Kg7 45. d4 cxd4 46. exd4 exd4 47.
Nxd4 Nf7 48. Kg4 Kh6 49. Nf5+ Kh7 50. Kf3 Ne5+ 51. Ke3 Ng4+ 52. Kd4 Nh6 53. Ne3
g4 54. Nd5 f5 55. exf5 g3 56. Ke3 Nxf5+ 57. Kf3 Nd4+ 58. Kxg3 Nxc2 59. Nxc7 Kh6
60. Kh4 Nd4 61. b4 Nf5+ 62. Kg4 Ne3+ 63. Kf4 Nc4 64. Nd5 Kxh5 65. Kf5 Na3 66.
Ke5 Kg5 67. Ne3 Kg6 68. Ke6 Kg5 69. Kd5 Kf4 70. Nc4 Nb5 71. Nd6 Na3 72. Kc5 Kg5
73. Nc4 Nb1 74. Kd4 Kf6 75. Kd5 Ke7 76. Kc6 Nc3 77. Nb6 Kd8 78. Nd5 Nxd5 79.
Kxd5 Kd7 80. Kc5 Kc7 81. Kb5 Kb7 82. Kc5 Kc7 83. b5 Kb7 84. b6 Kb8 85. Kc6 Kc8
86. Kb5 Kb7 87. Kc5 Kb8 88. Kc6 Kc8 89. b7+ Kb8 90. Kb6 1/2-1/2

[Event "Chessable Masters Div 1 W"]
[Site "chess.com INT"]
[Date "2023.04.03"]
[Round "1.2"]
[White "Le, Quang Liem"]
[Black "Caruana, Fabiano"]
[Result "1/2-1/2"]
[WhiteTitle "GM"]
[BlackTitle "GM"]
[WhiteElo "2728"]
[BlackElo "2764"]
[WhiteFideId "12401137"]
[BlackFideId "2020009"]
[EventDate "2023.04.03"]
[EventType "k.o."]

1. c4 c5 2. Nf3 Nf6 3. Nc3 e6 4. g3 d5 5. cxd5 exd5 6. d4 Nc6 7. Bg2 cxd4 8.
Nxd4 Bc5 9. Nb3 Bb6 10. Na4 O-O 11. Nxb6 axb6 12. Be3 Re8 13. O-O Bf5 14. Nd4
Be4 15. Bh3 Bg6 16. a4 h5 17. Rc1 Ng4 18. Nxc6 bxc6 19. Bxg4 hxg4 20. Rxc6 Qd7
21. Rc4 Re4 22. b3 Rxc4 23. bxc4 d4 24. Qxd4 Qxd4 25. Bxd4 Rxa4 26. Bxb6 Rxc4
27. f4 Rb4 28. Be3 Rb1 29. Bc1 Be4 30. Kf2 f5 31. Be3 Rxf1+ 32. Kxf1 Kf7 33. Kg1
g6 34. Kf1 Ke6 35. Bd4 Kf7 36. Kf2 Ke6 37. Bc3 Kf7 38. Bb2 Ke6 39. Bc3 Kf7 40.
Bb2 Ke6 41. Bc3 1/2-1/2

[Event "Chessable Masters Div 1 W"]
[Site "chess.com INT"]
[Date "2023.04.03"]
[Round "1.3"]
[White "Caruana, Fabiano"]
[Black "Le, Quang Liem"]
[Result "1/2-1/2"]
[WhiteTitle "GM"]
[BlackTitle "GM"]
[WhiteElo "2764"]
[BlackElo "2728"]
[WhiteFideId "2020009"]
[BlackFideId "12401137"]
[EventDate "2023.04.03"]
[EventType "k.o."]

1. e4 e5 2. Nf3 Nc6 3. Bb5 Nf6 4. d3 Bc5 5. Bxc6 dxc6 6. Nbd2 Be6 7. O-O Nd7 8.
Nb3 Bb6 9. Ng5 Bxb3 10. axb3 f6 11. Nf3 Nc5 12. Nd2 Ne6 13. Qh5+ g6 14. Qd1 Qd7
15. Nc4 Bc5 16. Be3 a6 17. Qe1 Bxe3 18. fxe3 O-O 19. b4 Kg7 20. Qc3 Rae8 21. Rf2
h5 22. Na5 Nd8 23. Nb3 Nf7 24. Raf1 Nd6 25. Na5 Rf7 26. b3 Qe7 27. h3 h4 28. Rf3
Rh8 29. Nc4 Rh5 30. Qe1 f5 31. Nd2 Rh8 32. c4 fxe4 33. Rxf7+ Nxf7 34. Nxe4 Nd6
35. Nf2 Nf5 36. Ng4 Ng3 37. Rf3 Rd8 38. Qa1 Rxd3 39. Nxe5 Rc3 40. Rf7+ Qxf7 41.
Nxf7 Kxf7 42. Kf2 Rxb3 43. Qe5 Nf5 44. Qxc7+ Ne7 45. Qxb7 a5 46. b5 cxb5 47.
cxb5 a4 48. Qa6 a3 49. Kf3 Nf5 50. Qa4 Rxe3+ 51. Kf4 Kf6 52. Qa6+ Kg7 53. b6 Rb3
54. b7 Kh6 55. Qa8 Rb4+ 56. Ke5 a2 57. Qxa2 Rxb7 58. Qa6 Rf7 59. Qa8 Kh7 60. Kf4
Kh6 61. Qh8+ Rh7 62. Qf8+ Rg7 63. Kg4 Kh7 64. Kg5 Rg8 65. Qc5 Rg7 66. Qe5 Rg8
67. Qc7+ Rg7 68. Qe5 Rg8 69. Qf4 Rg7 70. Kf6 Rg8 71. Kg5 Rg7 72. Kf6 Rg8 73. Kg5 1/2-1/2

[Event "Chessable Masters Div 1 W"]
[Site "chess.com INT"]
[Date "2023.04.03"]
[Round "1.4"]
[White "Le, Quang Liem"]
[Black "Caruana, Fabiano"]
[Result "1/2-1/2"]
[WhiteTitle "GM"]
[BlackTitle "GM"]
[WhiteElo "2728"]
[BlackElo "2764"]
[WhiteFideId "12401137"]
[BlackFideId "2020009"]
[EventDate "2023.04.03"]
[EventType "k.o."]

1. d4 Nf6 2. c4 e6 3. Nf3 d5 4. Nc3 Bb4 5. Bg5 h6 6. Bxf6 Qxf6 7. e3 c5 8. cxd5
exd5 9. Bb5+ Bd7 10. O-O Bxc3 11. Bxd7+ Nxd7 12. bxc3 O-O 13. Qb3 Qc6 14. Rfb1
Rab8 15. a4 Rfc8 16. h3 Nf6 17. a5 Ne4 18. c4 cxd4 19. cxd5 Qg6 20. Rc1 Rc3 21.
Rxc3 dxc3 22. Qc4 Re8 23. Rd1 Qf6 24. Rc1 Qf5 25. Qd4 Rd8 26. Qxa7 Qxd5 27. Qd4
Rd6 28. Qxd5 Rxd5 29. Nd4 Rc5 30. f3 Nf6 31. Nb3 Rc7 32. e4 Nh5 33. Rc2 Nf4 34.
Nc1 Rc5 35. Kf2 Rxa5 36. Rxc3 g5 37. Rc2 b5 38. Ne2 Nxe2 39. Kxe2 Ra8 40. Rc6
Kg7 41. Rb6 Ra2+ 42. Kf1 Rb2 43. Kg1 h5 44. h4 g4 45. fxg4 hxg4 46. Kh2 Rb3 47.
e5 b4 48. h5 Re3 49. Rxb4 Rxe5 50. Rxg4+ Kh6 51. Kg3 Rxh5 52. Rh4 Rxh4 53. Kxh4
Kg6 54. Kg4 f5+ 55. Kf4 Kf6 56. g4 fxg4 57. Kxg4 1/2-1/2

[Event "Chessable Masters Div 1 W"]
[Site "chess.com INT"]
[Date "2023.04.03"]
[Round "1.5"]
[White "Caruana, Fabiano"]
[Black "Le, Quang Liem"]
[Result "1-0"]
[WhiteTitle "GM"]
[BlackTitle "GM"]
[WhiteElo "2764"]
[BlackElo "2728"]
[WhiteFideId "2020009"]
[BlackFideId "12401137"]
[EventDate "2023.04.03"]
[EventType "k.o."]

1. e4 e5 2. Nf3 Nc6 3. Bb5 Nf6 4. d3 Bc5 5. Bxc6 dxc6 6. Nbd2 Be6 7. O-O Nd7 8.
Nb3 Bb6 9. Ng5 Bxb3 10. axb3 f6 11. Nf3 Nc5 12. Nd2 Ne6 13. Qh5+ g6 14. Qd1 Qd7
15. Nc4 a6 16. b4 O-O-O 17. Nxb6+ cxb6 18. Be3 c5 19. Kh1 Kb8 20. bxc5 bxc5 21.
Qe1 Rc8 22. b3 Rc6 23. Ra2 Rhc8 24. h3 g5 25. b4 Nd4 26. bxc5 Rxc5 27. c4 R5c6
28. Qb4 Qd6 29. Qa5 Rb6 30. Raa1 Rb3 31. Qd2 Ne6 32. Rfb1 Rxd3 33. Qa5 Rc6 34.
Kh2 Kc8 35. Ra2 Nd4 36. Rab2 Qc7 37. Qb4 b6 38. Qa4 Kb7 39. Ra2 Kc8 40. Qxa6+
Qb7 41. Qa4 Rc3 42. Qb4 R3xc4 43. Qf8+ Kc7 44. Ra8 Rd6 45. Qf7+ Rd7 46. Qxc4+
Kd6 47. Ra6 Qxe4 48. Rbxb6+ Ke7 49. Re6+ Kf8 50. Rxf6+ Kg7 51. Qc8 1-0

[Event "Chessable Masters Div 1 W"]
[Site "chess.com INT"]
[Date "2023.04.03"]
[Round "1.1"]
[White "So, Wesley"]
[Black "Aronian, Levon"]
[Result "0-1"]
[WhiteTitle "GM"]
[BlackTitle "GM"]
[WhiteElo "2760"]
[BlackElo "2745"]
[WhiteFideId "5202213"]
[BlackFideId "13300474"]
[EventDate "2023.04.03"]
[EventType "k.o."]

1. d4 Nf6 2. c4 e6 3. Nf3 d5 4. Nc3 c5 5. cxd5 cxd4 6. Qxd4 exd5 7. Bg5 Be7 8.
Rd1 Nc6 9. Qa4 O-O 10. e4 Qb6 11. Bxf6 Bxf6 12. Nxd5 Qxb2 13. Bb5 Bc3+ 14. Nxc3
Qxc3+ 15. Ke2 Re8 16. Rc1 Qb2+ 17. Rc2 Nd4+ 18. Nxd4 Rxe4+ 19. Kf3 Qxd4 20. Qxd4
Rxd4 21. Rhc1 Be6 22. Bc4 Bf5 23. Rc3 Rad8 24. Kg3 h5 25. f4 Be4 26. Re3 Kf8 27.
h4 Rc8 28. Rec3 Rc6 29. Bf1 Rd2 30. Rxc6 Bxc6 31. a3 Ke7 32. Rc5 g6 33. f5 Kf6
34. fxg6 fxg6 35. Rg5 b6 36. Kh3 Bd7+ 37. Kh2 Rd4 38. g3 Bf5 39. Bb5 Rd2+ 40.
Kg1 Rb2 41. a4 Rb4 42. Kf2 a6 43. Bxa6 Rxa4 44. Be2 Rb4 45. Ke3 b5 46. Kd2 Rb2+
47. Ke3 b4 48. Bc4 b3 0-1

[Event "Chessable Masters Div 1 W"]
[Site "chess.com INT"]
[Date "2023.04.03"]
[Round "1.2"]
[White "Aronian, Levon"]
[Black "So, Wesley"]
[Result "0-1"]
[WhiteTitle "GM"]
[BlackTitle "GM"]
[WhiteElo "2745"]
[BlackElo "2760"]
[WhiteFideId "13300474"]
[BlackFideId "5202213"]
[EventDate "2023.04.03"]
[EventType "k.o."]

1. d4 Nf6 2. c4 e6 3. Nf3 d5 4. Nc3 a6 5. c5 b6 6. cxb6 cxb6 7. Bf4 Bb7 8. e3
Nbd7 9. Bd3 b5 10. O-O Be7 11. a4 b4 12. Ne2 a5 13. Ne5 O-O 14. Bb5 Nxe5 15.
dxe5 Ne4 16. Nd4 Rc8 17. Qg4 Kh8 18. Rac1 Qb6 19. Qh5 Kg8 20. Qg4 Kh8 21. Qh5 g6
22. Qh6 Kg8 23. f3 Nd2 24. Rfd1 Rxc1 25. Rxc1 Rc8 26. Rd1 Nc4 27. b3 Na3 28. h4
Ba6 29. Bxa6 Qxa6 30. h5 Bf8 31. Qg5 h6 32. Qf6 g5 33. Bg3 Nc2 34. Nf5 Qe2 35.
Nxh6+ Bxh6 36. Qxh6 Nxe3 37. Qxg5+ Kh7 38. Bf4 Qxd1+ 39. Kh2 Nf5 40. Qf6 Rf8 0-1

[Event "Chessable Masters Div 1 W"]
[Site "chess.com INT"]
[Date "2023.04.03"]
[Round "1.3"]
[White "So, Wesley"]
[Black "Aronian, Levon"]
[Result "1/2-1/2"]
[WhiteTitle "GM"]
[BlackTitle "GM"]
[WhiteElo "2760"]
[BlackElo "2745"]
[WhiteFideId "5202213"]
[BlackFideId "13300474"]
[EventDate "2023.04.03"]
[EventType "k.o."]

1. d4 Nf6 2. c4 e6 3. Nf3 d5 4. Nc3 c5 5. cxd5 cxd4 6. Qxd4 exd5 7. e4 dxe4 8.
Qxd8+ Kxd8 9. Ng5 Be6 10. Nxe6+ fxe6 11. Bg5 Nc6 12. O-O-O+ Ke8 13. Bb5 Rc8 14.
Kb1 Bb4 15. Bxf6 gxf6 16. Nxe4 Ke7 17. a3 f5 18. axb4 fxe4 19. Rhe1 Rhf8 20. Rd2
Rcd8 21. Rxd8 Nxd8 22. Re2 Nf7 23. Ba4 Nd6 24. Bc2 h6 25. Kc1 Rf4 26. g3 Rf3 27.
Bxe4 Nxe4 28. Rxe4 Rxf2 29. Rh4 Rf6 30. Kd2 e5 31. Ke3 Rb6 32. b3 Kf7 33. h3 a6
34. Rc4 Ke6 35. g4 Rd6 36. Rc7 Rb6 37. Rc4 Rd6 38. Rc7 Rb6 39. Rc4 1/2-1/2

[Event "Chessable Masters Div 1 W"]
[Site "chess.com INT"]
[Date "2023.04.03"]
[Round "1.4"]
[White "Aronian, Levon"]
[Black "So, Wesley"]
[Result "0-1"]
[WhiteTitle "GM"]
[BlackTitle "GM"]
[WhiteElo "2745"]
[BlackElo "2760"]
[WhiteFideId "13300474"]
[BlackFideId "5202213"]
[EventDate "2023.04.03"]
[EventType "k.o."]

1. d4 Nf6 2. Bf4 d5 3. e3 c5 4. Nf3 Nc6 5. Nbd2 Nh5 6. dxc5 Nxf4 7. exf4 g6 8.
Nb3 Bg7 9. c3 Bg4 10. h3 Bxf3 11. Qxf3 e6 12. h4 h5 13. Be2 Rc8 14. g3 O-O 15.
O-O Na5 16. Rfb1 Nc4 17. a4 b6 18. Rd1 Nxb2 19. Rd2 Qf6 20. Rxb2 Qxc3 21. Qxc3
Bxc3 22. Rab1 Bxb2 23. Rxb2 bxc5 24. Bb5 c4 25. Nd4 Rc7 26. Ba6 c3 27. Rc2 Rb8
28. Bb5 Rb6 29. a5 Rb8 30. Kf1 Rc5 31. Bd3 Rb4 32. Ne2 d4 33. a6 Rb1+ 34. Nc1
Ra5 35. Kg2 Raa1 36. Ne2 Rd1 37. Bc4 Rd2 38. Nxd4 Rxd4 39. Rxc3 Rd2 40. Kf3 Rb2
41. Ke3 Kg7 42. Bd3 Re1+ 43. Kf3 Rd1 44. Ke3 Ra2 45. f3 Re1+ 46. Kd4 Rg1 47. Rc7
Rxg3 48. Bc4 Ra4 49. Ke3 Ra3+ 50. Kd4 Rgxf3 51. Bxe6 Rxf4+ 52. Ke5 Rf6 53. Bc4
Ra5+ 54. Ke4 Ra4 55. Ke5 Ra5+ 56. Ke4 Raxa6 57. Bxa6 Rxa6 58. Rc4 Rf6 0-1

[Event "Chessable Masters Div 1 W"]
[Site "chess.com INT"]
[Date "2023.04.04"]
[Round "2.1"]
[White "Artemiev, Vladislav"]
[Black "Caruana, Fabiano"]
[Result "1/2-1/2"]
[WhiteTitle "GM"]
[BlackTitle "GM"]
[WhiteElo "2701"]
[BlackElo "2764"]
[WhiteFideId "24101605"]
[BlackFideId "2020009"]
[EventDate "2023.04.03"]
[EventType "k.o."]

1. Nf3 Nf6 2. c4 c5 3. Nc3 Nc6 4. d4 cxd4 5. Nxd4 e6 6. e4 Bc5 7. Nc2 Qb6 8. Qd2
O-O 9. Na4 Bb4 10. Nxb6 Bxd2+ 11. Bxd2 axb6 12. Be3 d5 13. exd5 exd5 14. cxd5
Nxd5 15. Bc4 Nxe3 16. Nxe3 Ne5 17. O-O Nxc4 18. Nxc4 Be6 19. b3 Ra6 20. a4 Bxc4
21. bxc4 Rc8 22. Rfc1 g6 23. g3 Kg7 24. Rab1 Rxa4 25. Rxb6 Raxc4 26. Rxc4 Rxc4
27. Rxb7 h5 28. h4 Rc6 29. Kg2 Rf6 30. Kg1 Re6 31. Kg2 Rf6 32. Kg1 Re6 33. Kg2
Rf6 1/2-1/2

[Event "Chessable Masters Div 1 W"]
[Site "chess.com INT"]
[Date "2023.04.04"]
[Round "2.2"]
[White "Caruana, Fabiano"]
[Black "Artemiev, Vladislav"]
[Result "1/2-1/2"]
[WhiteTitle "GM"]
[BlackTitle "GM"]
[WhiteElo "2764"]
[BlackElo "2701"]
[WhiteFideId "2020009"]
[BlackFideId "24101605"]
[EventDate "2023.04.03"]
[EventType "k.o."]

1. e4 e5 2. Nf3 Nc6 3. Bb5 Nf6 4. O-O Nxe4 5. d4 Nd6 6. Ba4 e4 7. Re1 Be7 8. Ne5
b5 9. Bb3 Na5 10. Bd5 c6 11. Bxe4 Nxe4 12. Rxe4 d6 13. Nf3 O-O 14. b3 Bf5 15.
Re2 Re8 16. Bf4 Qd7 17. Qd2 Nb7 18. Nc3 Bf8 19. Rae1 f6 20. d5 c5 21. h3 Bg6 22.
Ne4 b4 23. Nh4 Bf7 24. g4 Kh8 25. Nf5 Bg6 26. Neg3 Bf7 27. Qd3 a5 28. h4 Rxe2
29. Rxe2 Re8 30. Rxe8 Qxe8 31. h5 g6 32. Nh6 Qe1+ 33. Nf1 Be8 34. hxg6 hxg6 35.
Qh3 Kg7 36. g5 fxg5 37. Bxg5 Be7 38. Bxe7 Qxe7 39. Ng4 Qg5 40. Ne3 Bd7 41. Qg3
Nd8 42. f4 Qh5 43. Nf2 Nf7 44. Kg2 Kf8 45. Qf3 Ke7 46. Qxh5 gxh5 47. Kg3 Nh6 48.
Nc4 Nf5+ 49. Kf3 Nd4+ 50. Kg3 Nxc2 51. Nxa5 Ne3 52. Kh4 Nxd5 53. Kg5 Nf6 54. Nc4
d5 55. Ne5 Ne4+ 56. Nxe4 dxe4 57. Nc4 Bb5 58. Ne3 Bd3 59. f5 Bb1 60. Kxh5 Bxa2
61. Kg6 Bxb3 62. f6+ Kd6 63. Kf5 Bf7 64. Kxe4 Bg6+ 65. Kf4 Ke6 66. Kg5 Bd3 67.
Nd5 Kf7 68. Kf4 Bc4 69. Nb6 Bb5 70. Ke5 Bc6 71. Nc4 Kf8 72. Kd6 Bb5 73. Kxc5
Bxc4 74. Kxc4 Kf7 75. Kxb4 Kxf6 1/2-1/2

[Event "Chessable Masters Div 1 W"]
[Site "chess.com INT"]
[Date "2023.04.04"]
[Round "2.3"]
[White "Artemiev, Vladislav"]
[Black "Caruana, Fabiano"]
[Result "1-0"]
[WhiteTitle "GM"]
[BlackTitle "GM"]
[WhiteElo "2701"]
[BlackElo "2764"]
[WhiteFideId "24101605"]
[BlackFideId "2020009"]
[EventDate "2023.04.03"]
[EventType "k.o."]

1. e4 e5 2. Nf3 Nc6 3. Nc3 Nf6 4. Bb5 Nd4 5. Bc4 Bc5 6. d3 d6 7. Nxd4 Bxd4 8.
Qf3 O-O 9. O-O c6 10. h3 Bxc3 11. bxc3 Be6 12. Bb3 h6 13. Qe2 Re8 14. f4 exf4
15. Bxe6 Rxe6 16. Bxf4 d5 17. e5 Nd7 18. Qh5 Qe8 19. d4 f6 20. Qxe8+ Raxe8 21.
exf6 Rxf6 22. Rf2 Nb6 23. Rb1 Ref8 24. Bg3 Rxf2 25. Bxf2 Re8 26. Bg3 Re7 27. Bd6
Rd7 28. Bc5 Na4 29. Bxa7 Nxc3 30. Rb3 Ne4 31. Bb8 Nd2 32. Ra3 Nc4 33. Ra7 Kf7
34. Bf4 Ke6 35. g4 Rf7 36. Bc1 Nd6 37. Kg2 Nb5 38. Ra4 Rf8 39. Rb4 Nd6 40. a4
Rf7 41. Rb3 Nc4 42. h4 b6 43. h5 Ra7 44. Rb4 c5 45. dxc5 bxc5 46. Rb5 Kd6 47.
Bf4+ Kc6 48. Rb8 Rxa4 49. Rc8+ Kb6 50. Rb8+ Kc6 51. Rc8+ Kb5 52. Rb8+ Nb6 53.
Bc7 Ra6 54. Be5 Ra7 55. Rg8 Nc4 56. Bxg7 Ra6 57. g5 hxg5 58. h6 Ne3+ 59. Kf3
Rxh6 60. Bxh6 Nxc2 61. Bxg5 Kc4 62. Rc8 Nd4+ 63. Ke3 Nf5+ 64. Kf4 Nd6 65. Rc6
Ne4 66. Be7 Kd4 67. Kf3 c4 68. Ke2 Kc3 69. Ke3 Kc2 70. Bb4 Kb3 71. Be1 Kc2 72.
Kd4 Nd2 73. Bf2 Nb3+ 74. Kxd5 c3 75. Ke4 Kb2 76. Kd3 Nc1+ 77. Kc4 Nb3 78. Rb6 c2
79. Rxb3+ 1-0

[Event "Chessable Masters Div 1 W"]
[Site "chess.com INT"]
[Date "2023.04.04"]
[Round "2.4"]
[White "Caruana, Fabiano"]
[Black "Artemiev, Vladislav"]
[Result "1-0"]
[WhiteTitle "GM"]
[BlackTitle "GM"]
[WhiteElo "2764"]
[BlackElo "2701"]
[WhiteFideId "2020009"]
[BlackFideId "24101605"]
[EventDate "2023.04.03"]
[EventType "k.o."]

1. e4 e5 2. Nf3 Nc6 3. Bb5 Nf6 4. d3 d6 5. O-O Be7 6. Re1 O-O 7. c3 a6 8. Ba4 b5
9. Bc2 Re8 10. Nbd2 Bf8 11. h3 Ne7 12. d4 Ng6 13. Nf1 c5 14. d5 Bd7 15. Ng3 h6
16. Be3 Qc7 17. b3 c4 18. Rc1 cxb3 19. Bxb3 a5 20. a3 Rec8 21. c4 b4 22. axb4
axb4 23. Qd2 Qb7 24. Rb1 Ba4 25. Rec1 Bxb3 26. Rxb3 Ra4 27. Ne1 Nf4 28. Bxf4
exf4 29. Qxf4 Qa6 30. Nf5 Rxc4 31. Nxh6+ Kh7 32. Nxf7 Rxc1 33. Qxc1 Kg8 34. Ng5
Ra1 35. Qd2 Ra2 36. Qxb4 Qe2 37. Rf3 Rb2 38. Qc3 Rb1 39. Re3 Qa2 40. Qc8 Qa1 41.
Nf3 Rc1 42. Qe6+ Kh8 43. Kh2 Qa7 44. Nd3 Rc3 45. Nf4 Rxe3 46. Ng6+ Kh7 47. Nxf8+
Kh6 48. Qf5 1-0

[Event "Chessable Masters Div 1 W"]
[Site "chess.com INT"]
[Date "2023.04.04"]
[Round "2.5"]
[White "Artemiev, Vladislav"]
[Black "Caruana, Fabiano"]
[Result "1/2-1/2"]
[WhiteTitle "GM"]
[BlackTitle "GM"]
[WhiteElo "2701"]
[BlackElo "2764"]
[WhiteFideId "24101605"]
[BlackFideId "2020009"]
[EventDate "2023.04.03"]
[EventType "k.o."]

1. d4 Nf6 2. Nf3 d5 3. c3 c6 4. Bf4 Nh5 5. Bg5 h6 6. Bh4 Bf5 7. e3 Nd7 8. Be2
Nhf6 9. c4 e6 10. Nc3 Bd6 11. c5 Be7 12. Nd2 O-O 13. Bg3 b6 14. b4 a5 15. a3
axb4 16. axb4 bxc5 17. bxc5 e5 18. Nf3 e4 19. Nd2 Re8 20. O-O Nf8 21. Qb3 Qd7
22. Na4 Qe6 23. Nb6 Rxa1 24. Rxa1 h5 25. Ra6 Ng6 26. h4 Ng4 27. Nxd5 Qxd5 28.
Bc4 Qd7 29. Bxf7+ Kh7 30. Bxe8 Qxe8 31. Qb7 Bxh4 32. Bxh4 Nxh4 33. g3 Qf8 34.
Qc7 Bc8 35. Qf4 Qxf4 36. exf4 Bxa6 37. gxh4 Nf6 38. f5 Bc8 39. Nc4 Bxf5 40. Ne5
Bd7 41. Kg2 Be8 42. Kg3 Nd5 43. Nc4 Kg6 44. Nd6 Nf6 45. Kf4 Bf7 46. Nc8 Bd5 47.
Ke5 Kf7 48. Nd6+ Ke7 49. Nf5+ Kf7 50. Nd6+ Ke7 51. Nf5+ Kf7 52. Nd6+ 1/2-1/2